000 01305nam0a22002531 4500
001 rc\2248692
005 20110829182243.5
035 _a(NLR Aleph) 006652484
090 _a4809005
_c4809005
100 _a20110829d1978 |||y0rusy50 ca
101 0 _arus
102 _aRU
105 _ay z |||||
200 1 _aГенеральная схема развития промышленности г. Москвы на 1981-1990 гг.
_eМетодика разраб. рекомендаций по углублению специализации, концентрации пр-ва и расширению кооперир. связей на предприятиях лег. пром-сти
_fМоск. гор. Совет нар. депутатов, М-во лег. пром-сти СССР, НИИ информ. и техн.-экон. исслед. лег. пром-сти (ЦНИИТЭИлегпром)
_gРук. темы Т.А. Алексеева
210 _aМосква
_cБ. и.
_d1978
215 _a11 с.
_d21
702 1 _aАлексеева
_bТ. А.
_4570
712 0 2 _aМосковский гор. Совет народных депутатов
801 0 _aRU
_bNLR
_gpsbo
801 1 _aRU
_bELAR
_2rusmarc
852 _aNLR
_j79-6/658
899 _aRuMoRGB
_j801-83/9741-9
942 _cBOOK
980 _aNB